000 01109cam a22003613a 4500
001 0000756
003 DO-SdBPM
005 20250808085533.0
007 ta
008 180124b2001 sp |||| 00| 0 spa d
010 _a
020 _a9788420443034
040 _aDO-SdBPM
_cspa
_dBPMSU
_erda
_d
082 4 _a863.6
_bV648f 2001
_222
100 1 _aVidal, César
_d1958-
_eautor
245 1 0 _aFan y la reina de los piratas /
_cCésar Vidal ; ilustraciones Tino Gatagán
260 _b
264 _aMadrid, España :
_bSantillana ediciones generales,
_c2001.
300 _a183 páginas :
_bilustraciones
_c20 cm.
336 _atexto
_btxt
_2rdacontent
337 _asin meditación
_bn
_2rdamedia
338 _avolumen
_bnc
_2rdacarrier
490 0 _aAlfaguara juvenil
500 _a
521 _aA partir de 12 años.
590 _aInventariado, 2025/VM
650 7 _aNovela juvenil española.
650 7 _aNovela de aventuras.
650 7 _aEnvidia
_vNovela juvenil.
700 1 _aGatagán, Tino
_eilustración
910 _aVMateo V. Control de calidad. BPMSU
942 _2ddc
_cBK
999 _c11691
_d11691